Cinco tesis filosóficas de Mao Zedong / (Record no. 1847)

000 -CABECERA
fixed length control field 00992nam a22002537a 4500
003 - IDENTIFICADOR DEL NÚMERO DE CONTROL
control field AR-CdUCM
008 - DATOS DE LONGITUD FIJA--INFORMACIÓN GENERAL
fixed length control field 190228b ||||| |||| 00| 0 spa d
040 ## - FUENTE DE LA CATALOGACIÓN
Agencia/entidad que catalogó originalmente la obra MUNICIPALIDAD PROVINCIAL DEL CUSCO
Entidad que transcribió la catalogación BIBLIOTECA MUNICIPAL DEL CUSCO
082 ## - NÚMERO DE LA CLASIFICACIÓN DECIMAL DEWEY
No. de Clasificación 101 /
Notacion interna Z58
100 ## - ENTRADA PRINCIPAL--NOMBRE DE PERSONA
Nombre Personal Mao Zedong
245 ## - MENCIÓN DE TÍTULO
Título Cinco tesis filosóficas de Mao Zedong /
Mención de responsabilidad Mao Zedong
260 ## - PUBLICACIÓN, DISTRIBUCIÓN, ETC.
Lugar de publicación, distribución, etc. Bejing ;
Nombre de la editorial, distribuidor, etc. Editorial del pueblo Beijing,
Fecha de publicación, distribución, etc. 1965.
300 ## - DESCRIPCIÓN FÍSICA
Nº de Páginas Extensión 163 páginas ;
Dimensiones 18 cm.
440 ## - MENCIÓN DE SERIE/PUNTO DE ACCESO ADICIONAL--TÍTULO
Título Ediciones en leguas extrajeras Beijing,
9 (RLIN) 6763
505 ## - NOTA DE CONTENIDO CON FORMATO
Nota de contenido formateada Contenido: Sobre la práctica - Sobre la contradicción - Sobre el tratamiento correcto de las contradicciones en el seno del pueblo - Discurso ante la conferencia nacional del Partido Comunista de China sobre el trabajo de propaganda.
650 ## - PUNTO DE ACCESO ADICIONAL DE MATERIA--TÉRMINO DE MATERIA
Descriptor Filosofía
9 (RLIN) 395
650 ## - PUNTO DE ACCESO ADICIONAL DE MATERIA--TÉRMINO DE MATERIA
Descriptor Comunismo
9 (RLIN) 495
650 ## - PUNTO DE ACCESO ADICIONAL DE MATERIA--TÉRMINO DE MATERIA
Descriptor China
9 (RLIN) 843
650 ## - PUNTO DE ACCESO ADICIONAL DE MATERIA--TÉRMINO DE MATERIA
Descriptor Socialismo
9 (RLIN) 1037
650 ## - PUNTO DE ACCESO ADICIONAL DE MATERIA--TÉRMINO DE MATERIA
Descriptor Ideología
9 (RLIN) 1109
942 ## - ELEMENTOS DE PUNTO DE ACCESO ADICIONAL (KOHA)
Fuente de clasificación
Tipo de item Libros-BMC
945 ## - PROCESAMIENTO DE INFORMACIÓN LOCAL (OCLC)
Catalogador dmma
AAAA-MM-DD - Fecha de ingreso o modificacion 2019-02-28
Holdings
Estado de retiro (separado) Fuente de clasificación o esquema de estanterías Estado dañado Ubicación Sala donde se ubica Nombre de la colección Fecha de adquisición o compra Costo, precio normal en soles Signatura topográfica Código de Barras Última vez visto (Koha) Tipo de ítem (Koha)
No     Sala Humanidades Sala Humanidades Book Cart 2019-02-28 20.00 101 / Z58 SH0000002026 2019-02-28 Libros-BMC

Powered by Koha